| 000 | 00354nam a2200133Ia 4500 | ||
|---|---|---|---|
| 008 | 150201s2014 xx 000 0 und d | ||
| 082 |
_a617.643 _bD2011E |
||
| 100 | _aEPKAR ,BRUCE.N | ||
| 245 | _aDENTOFACIAL DEFORMITIES : INTEGRATED ORTHODONTICS VOL-2 | ||
| 250 | _a1ST | ||
| 260 | _bELSEVIER PUBLICATION | ||
| 650 | _aORTHODONTICS | ||
| 942 |
_2ddc _cBK _01 |
||
| 999 |
_c4871 _d4871 |
||